Les Bucoliques
Saved in:
| Hovedforfatter: | |
|---|---|
| Format: | Bog |
| Sprog: | fransk |
| Udgivet: |
París
Garnier
1953
|
| Serier: | Classiques Garnier
|
| Fag: | |
| Tags: |
Tilføj Tag
Ingen Tags, Vær først til at tagge denne postø!
|
MARC
| LEADER | 00000nam a2200000 a 4500 | ||
|---|---|---|---|
| 001 | UCP4011 | ||
| 003 | CL-VaPUC | ||
| 008 | 990709e19530000FR |||||||||||||||||fre|d | ||
| 082 | 0 | 4 | |a 873 |b VIR |2 21 |
| 100 | 0 | |a Virgilio |e author |9 266332 | |
| 245 | 1 | 4 | |a Les Bucoliques |
| 246 | 1 | 4 | |a Les Géorgiques |
| 300 | |a 283 p | ||
| 942 | |c BK | ||
| 945 | |d 19990709 00:00:00 |a lriquelm | ||
| 260 | |a París |b Garnier |c 1953 | ||
| 600 | 0 | 7 | |a VIRGILIO MARON, PUBLIO |2 CL-VaPUC |9 266333 |
| 650 | 0 | |a Poesías épicas latinas |9 265355 | |
| 650 | 7 | |a POESIAS PASTORAL LATINAS |2 CL-VaPUC |9 268423 | |
| 650 | 0 | |a Literatura latina |9 258055 | |
| 583 | |a last modification |c 19990709 00:00:00 |k Rodrigo Vera | ||
| 490 | 0 | |a Classiques Garnier | |
| 999 | |c 282091 |d 282089 | ||
| 952 | |0 0 |1 0 |4 0 |6 873_000000000000000_VIR_1953 |7 0 |8 X |9 323507 |a BIBHIS |b BIBHIS |d 2019-11-20 |i 1364359 |o 873 VIR 1953 |p 1364359 |r 2024-01-30 |w 2019-11-20 |y BK_X |k HIS | ||